000 00499nam a2200181Ia 4500
003 GCL
008 140319s9999 xx 000 0 ara d
040 _aGCL /
_cGCL
082 0 4 _a853.9
_bا ح
100 1 _aطه فوزى (مترجم)
245 1 0 _aحياه الجندية /
_cطه فوزى (مترجم)
700 1 _aاميتشس، ادموندودى
300 _a563
490 _aالالف كتاب
_v0
650 0 4 _aالقصص
650 0 4 _aالادب الايطالى
942 _2ddc
_cBK
999 _c43797
_d43797